000 00891cam a2200277 i 4500
999 _c32935
_d32935
001 32935
003 Mx-PuUPA
005 20220510101337.0
008 140415s2012 mx gr 001 p spa d
020 _a9789706850812
040 _aMx-PuUPA
_bspa
_cMx-PuUPA
_dMx-PuUPA
_erda
041 0 _aspa
100 1 _aLarrañaga, Ignacio,
_eautor
_99882
245 1 3 _aEl sentido de la vida :
_boraciones y reflexiones para cada día del año /
_cIgnacio Larrañaga.
250 _a7a edición
264 3 1 _aTlaquepaque, Jalisco :
_bEditorial Alba,
_bSan Pablo,
_c2012
300 _a199 páginas ;
_c21 cm.
336 _2rdacontent
_atexto
_btxt
337 _2rdamedia
_asin medio
_bn
338 _2rdacarrier
_avolumen
_bnc
650 1 4 _aMeditación
_vOraciones
650 1 4 _aVida cristiana
_vVersos
942 _2ddc
_cLI
_h242.2
_iL318